000 00366 a2200109 4500
001 ART_23140
005 20260410161929.0
008 260409a
245 1 0 _aPapini, el hombre
100 1 _aLetizia, Francisco
773 0 _tRevista de la Facultad de Ciencias Económicas de la Universidad de Cuyo
_g- Año XXXIV, Nº 85 (ene./jun. 1982)
_wREV22981
999 _c28411
_d28411